000 00331nam a2200145Ia 4500
003 OSt
005 20240113104746.0
008 170524s9999 xx 000 0 und d
020 _a9789380097633
040 _cIIMTU
100 _aYADAV
245 0 _aWORKSHOP TECHNOLOGY- II
260 _bNEW DELHI: VAYU EDUCATION
942 _2ddc
_c02
999 _c7589
_d7589